ALL Harry Styles Songs - Statistics

General Stats
  • This quiz has been taken 694 times
  • The average score is 31 of 37
Answer Stats
Track # Harry Styles % Correct
12 Fine Line
97%
2 Watermelon Sugar
96%
7 Kiwi
93%
2 Sign of the Times
93%
4 As It Was
92%
1 Golden
89%
1 Music For a Sushi Restaurant
89%
3 Adore You
88%
7 Matilda
88%
5 Cherry
87%
3 Carolina
86%
6 Falling
85%
1 Meet Me in the Hallway
85%
4 Two Ghosts
85%
1 Two Ghosts
85%
10 From the Dining Table
84%
6 Only Angel
83%
11 Satellite
82%
3 Grapejuice
81%
13 Love Of My Life
81%
12 Boyfriends
80%
10 Canyon Moon
80%
8 Ever Since New York
80%
8 She
80%
5 Sweet Creature
80%
11 Treat People With Kindness
80%
5 Daylight
79%
9 Woman
79%
8 Cinema
78%
6 Little Freak
78%
10 Keep Driving
77%
4 Lights Up
77%
9 Sunflower, Vol. 6
76%
2 Late Night Talking
75%
9 Daydreaming
74%
7 To Be So Lonely
71%
2 Girl Crush
68%
No matching quizzes found
Score Distribution
Percent of People with Each Score
Percentile by Number Answered
Your Score History
You have not taken this quiz